Golf Malaysia : directory to golf courses in Malaysia & Singapore

Bibliographic Details
Format: Book
Published: Malaysia : Golf(Malaysia)Publications Sdn Bhd , 1992
Subjects:

MARC

LEADER 00000cam a2200000 7i4500
001 0000004399
002 000004729
005 20000330.0
020 |a T000000358 
090 0 0 |a 796.35209595   |b GOL 
245 0 0 |a Golf Malaysia :   |b directory to golf courses in Malaysia & Singapore 
260 |a Malaysia :   |b Golf(Malaysia)Publications Sdn Bhd ,   |c 1992 
300 |a 729 ;   |c 28cm. 
650 0 0 |a Golf   |z Malaysia   |x Directories   |a Golf   |z Singapore   |x Directories 
999 |a 029403   |b BUKU   |c PINJAMAN   |e PERPUSTAKAAN KOMUNITI PETALING JAYA